000 00799nam a2200241Ia 4500
003 OSt
005 20220923225413.0
006 a|||||r|||| 00| 0
007 ta
008 220922b |||||||| |||| 00| 0 hin d
024 _a266,251
037 _cTextual
040 _aARTS
_cARTS
_bhin
041 _2hin
_ahin
082 _aR625,21, 152P4
100 _aशर्मा, कमला
245 0 _aन्यायदर्शन में प्रमाण विचार
246 _aNyāyadarshan mean pramāṇ vichāra
260 _aदिल्ली
_b न्यू भारतीय बुक कॉर्पोरेशन
_c2004
300 _a176पृ.
_ccm.
942 _hR625,21, 152P4
_cTEXL
_2CC
999 _c378018
_d378018